Bird Anatomy - Statistics

General Stats
  • This quiz has been taken 200 times
  • The average score is 6 of 18
Answers on the Map
Answers color-coded by a green-red scale on the quiz's map according to % correct below.
 
Answer Stats
Part % Correct
Tail
72%
Wing
58%
Nape
43%
Chest
38%
Crown
38%
Uppertail Coverts
36%
Belly
35%
Rump
35%
Throat
34%
Lores
31%
Forehead
27%
Supercilium
26%
Undertail Coverts
22%
Flank
21%
Mantle
20%
Auriculars
16%
Malar Region
15%
Side
13%
No matching quizzes found
Score Distribution
Percent of People with Each Score
Percentile by Number Answered
Your Score History
You have not taken this quiz